000 01777cam a2200157 4500500
005 20251012001319.0
041 _afre
042 _adc
100 1 0 _aMoro, Marie Rose
_eauthor
700 1 0 _a Asensi, Hélène
_eauthor
700 1 0 _a Feldman, Marion
_eauthor
245 0 0 _aDevenir des traumas d’enfance
260 _bLa Pensée sauvage,
_c2014.
520 _aLes travaux concernant les impacts d’un traumatisme à long terme chez les enfants sont relativement récents. Ils viennent démontrer les effets des violences sur la construction psychique de la subjectivité. C’est avec une intention d’ouverture et de transversalité que cet ouvrage rend compte d’études sur le devenir des traumas d’enfance, c’est-à-dire des effets à moyen et long termes des violences sur les bébés, les enfants et les adolescents qui les ont vécues tout autant que sur ceux qui en sont les héritiers, que ce soit en lien avec leur histoire familiale ou avec l’histoire du pays d’où vient leur famille. L’intention de ce livre est d’identifier comment ces meurtrissures s’inscrivent dans les êtres en développement et surtout, comment les repérer, les consoler, les soigner, les transformer en savoir, en créativité. À partir de situations traumatiques actuelles ou passées différentes touchant bébés, enfants et adolescents, cet ouvrage donne ainsi des pistes en termes de prévention, soins et travail social. Ce livre se divise en trois grandes parties : la première fait le point sur ce que l’histoire nous enseigne, la seconde concerne l’état des connaissances et la dernière présente la clinique actuelle.
856 4 1 _uhttps://shs.cairn.info/devenir-des-traumas-d-enfance--9782859192914?lang=fr&redirect-ssocas=7080
999 _c1512446
_d1512446